000 00618nam a2200229 i 4500
001 C2-0168825
003 PPAK
005 20180728091359.0
008 980720s1984 enk |||| ||||| | eng d
020 _a0709935137
040 _aPPAK
_beng
_cPPAK
_erda
082 0 4 _a954.9303
_2 23
090 0 0 _a954.9303
_bSRI
_dR
245 0 0 _aSri Lanka :
_bin change and crisis
264 1 _aLondon :
_bCroom Helm ,
_c1984
300 _a229 pages ;
_c25 cm
336 _2rdacontent
_atext
337 _2rdamedia
_aunmediated
338 _2rdacarrier
_avolume
650 1 0 _aSri Lanka - Politic and government
942 _ddc
_cB
999 _c152927
_d152927